| 000 | 01106nam a2200217Ia 4500 | ||
|---|---|---|---|
| 999 |
_c52513 _d52513 |
||
| 001 | 19537 | ||
| 003 | GE_BSU | ||
| 005 | 20200225112824.0 | ||
| 008 | 181216s1997||||ge |||||||||||||| ||geo|| | ||
| 040 | _cGE_BSU | ||
| 041 | _ageo | ||
| 080 | _a811.353.1'36 ა-70 | ||
| 100 |
_aანტონ პირველი _97408 |
||
| 245 |
_aქართული ღრამმატიკა (მეორე რედაქცია - 1767) / _cანტონ პირველი ; ტექსტი გამოსაც. მოამზადეს ელენე ბაბუნაშვილმა, ნარგიზა გოგუაძემ, ლია კიკნაძემ ; ლექსიკონი დაურთო ელენე ბაბუნაშვილმა. |
||
| 264 |
_aთბილისი : _b(ს/ს "პირველი სტამბა"), _c1997. |
||
| 300 |
_a408 გვ. ; _c20 სმ. |
||
| 541 | _h15ლ. | ||
| 653 | _aქართული ენა | ||
| 653 | _aქართული ენის გრამატიკა | ||
| 942 |
_cBK _2udc |
||